000 01037nam a2200277 i 4500
001 000035273
003 DO-SdBNP
005 20231129131838.0
007 ta
008 111027s196- dr r 000 0 spa d
040 4 _aDO-SdBNP
_bspa
_cBNPHU
_e22
082 4 _a373.27
_bR426pr
_222
110 1 _aRepública Dominicana.
_bMinisterio de Educación, Bellas Artes y Cultos
_957024
245 1 0 _aProgramas de la educación secundaria :
_b2 curso
264 _aSanto Domingo :
_bMinisterio de Educación, Bellas Artes y Cultos,
_c[195-?].
300 _a40 páginas ;
_c23 cm.
336 _2rdacontent
_atexto
_btxt
337 _2rdamedia
_asin mediación
_bn
338 _2rdacarrier
_avolumen
_bnc
590 _aInventariado, 2019/BT
650 4 _aEducacion secundaria
_zRepublica Dominicna
_977265
650 4 _aActividades estudiantiles
_zRepública Dominicana
_977266
650 4 _aEducación secundaria
_xPlanes de estudios
_zRepública Dominicana
_977267
910 _aVMateo.Validado. Control de calidad. MAA
942 _2ddc
_cLF2
999 _c34764
_d34764